000 00365nam a2200157 i 4500
001 bg
100 1 _aSUCHOWSKY, W.
245 0 _aVorschubräder.. /
_cW. Suchowsky, K. Teller.
250 _a7 neubearb. Aufl.
260 _aBerlin,
_c1969.
700 1 _aTELLER, K.
040 _cBPK
041 _apol
942 _cKS
008 s pl f |000 0 pol
999 _c15535
_d15535
856 _uhttp://koha.tu.koszalin.pl/cgi-bin/koha/opac-detail.pl?biblionumber=15535
_yKatalog online BPK